Symposium on optimization

Spremljeno u:
Bibliografski detalji
Glavni autori: Balakrishnan, A. V (Autor), Contensou, M (Autor), Veubeke, B. F. de (Autor), Krée, P (Autor), Lions, J. L (Autor), Moiseev, N. N (Autor)
Format: Knjiga
Jezik:engleski
francuski
Izdano: Berlín Springer-Verlag 1970
Serija:Lecture Notes in Mathematics, 132
Teme:
Oznake: Dodaj oznaku
Bez oznaka, Budi prvi tko označuje ovaj zapis!

MARC

LEADER 00000nam a2200000 a 4500
001 UCP1827
003 CL-VaPUC
005 20211125074227.0
008 990426e19700000gw 1 eng d
041 0 7 |a eng  |2 CL-VaPUC 
041 0 7 |a fre  |2 CL-VaPUC 
082 0 4 |a 519.3  |b BAL  |2 21 
100 1 |a Balakrishnan, A. V  |e author  |9 619431 
700 1 |a Contensou, M  |e author  |9 619432 
700 1 |a Veubeke, B. F. de  |e author  |9 619433 
700 1 |a Krée, P  |e author  |9 619434 
700 1 |a Lions, J. L  |e author  |9 619435 
700 1 |a Moiseev, N. N  |e author  |9 619436 
245 1 0 |a Symposium on optimization 
260 |a Berlín  |b Springer-Verlag  |c 1970 
300 |a 350 p 
490 0 |a Lecture Notes in Mathematics, 132 
583 |a last modification  |c 19990426 00:00:00  |k Rodrigo Vera 
650 0 0 |a Optimización matemática  |9 259780 
650 0 0 |a Programación dinámica   |9 324757 
650 0 0 |a Ecuaciones diferenciales  |9 260083 
650 0 0 |a Procesos estocásticos   |9 260364 
942 |c BK 
945 |a crobeson  |d 19990426 00:00:00 
546 |a En Inglés 
546 |a En Francés 
518 |p Symposium on Optimization, Nice, 29 de junio al 5 de julio de 1969 
999 |c 383397  |d 383395 
952 |0 0  |1 0  |4 0  |6 519_300000000000000_BAL_1970  |7 0  |8 A  |9 505501  |a BIBGIM  |b BIBGIM  |d 2020-01-23  |i 1344323  |o 519.3 BAL 1970  |p 1344323  |r 2025-01-15  |w 2020-01-23  |y BK  |k EST